[Event "Frankfurt Ch 2008"]
[Site "Ffm-Kalbach, LAZ"]
[Date "2008.04.28"]
[Round "1.1"]
[White "Reschke, Stefan"]
[Black "Genis, Roy"]
[Result "1-0"]
[WhiteElo "2360"]
[BlackElo "1917"]
[PlyCount "75"]
[EventDate "2008.??.??"]

1. Nf3 d5 2. g3 c5 3. Bg2 Nc6 4. d4 cxd4 5. Nxd4 e5 6. Nxc6 bxc6 7. c4 Bb4+ 8.
Nc3 Bxc3+ 9. bxc3 Ne7 10. Ba3 Be6 11. Qa4 O-O 12. Rd1 Re8 13. O-O Qc7 14. Bxe7
Rxe7 15. cxd5 cxd5 16. c4 Rd8 17. cxd5 Bd7 18. Qb4 Ree8 19. Rc1 Qb6 20. Qxb6
axb6 21. Rb1 b5 22. e4 Ra8 23. Rb2 Ra4 24. Rc1 Kf8 25. Rc7 Ke7 26. Rxb5 Kd6 27.
Rbb7 Rd8 28. Bh3 Be8 29. f3 Rxa2 30. Rc1 Rd2 31. Ra1 Kc5 32. Bf1 Bd7 33. Ra6
Rd1 34. Rc7+ Kb4 35. Rb6+ Ka5 36. Rb2 Bc8 37. Ra7+ Ba6 38. Rxa6# 1-0

[Event "Frankfurt Ch 2008"]
[Site "Ffm-Kalbach, LAZ"]
[Date "2008.04.28"]
[Round "1.2"]
[White "Ostermeier, Thorsten"]
[Black "Pfrommer, Christoph"]
[Result "0-1"]
[WhiteElo "1943"]
[BlackElo "2403"]
[PlyCount "80"]
[EventDate "2008.??.??"]

1. d4 d5 2. Nf3 Nf6 3. e3 e6 4. Bd3 c5 5. c3 Nc6 6. Nbd2 Bd6 7. Qe2 Qc7 8. dxc5
Bxc5 9. O-O O-O 10. e4 h6 11. e5 Ng4 12. Nb3 Bb6 13. Bf4 f6 14. Nbd4 Ngxe5 15.
Nxe5 Nxe5 16. Rfe1 Bd7 17. Bxe5 fxe5 18. Qxe5 Qxe5 19. Rxe5 Bc7 20. Re2 e5 21.
Nb3 Bb6 22. Rxe5 Rxf2 23. Nd4 Rxb2 24. Re7 Bc6 25. Bg6 Bc5 26. Ree1 Rf8 27. Rf1
Rxf1+ 28. Kxf1 Bxd4 29. cxd4 Rd2 30. Re1 Rxd4 31. Re7 Rf4+ 32. Kg1 Rf6 33. Bh5
d4 34. Be2 Kf8 35. Re5 Rg6 36. g3 Rg5 37. Re6 Bd5 38. Rd6 Ke7 39. h4 Rxg3+ 40.
Kf2 Rg2+ 0-1

[Event "Frankfurt Ch 2008"]
[Site "Ffm-Kalbach, LAZ"]
[Date "2008.04.28"]
[Round "1.3"]
[White "Klundt, Klaus"]
[Black "Bastian, Holger"]
[Result "1-0"]
[WhiteElo "2378"]
[BlackElo "1775"]
[PlyCount "83"]
[EventDate "2008.??.??"]

1. e4 d6 2. d4 Nf6 3. Nc3 g6 4. Nf3 Bg7 5. Be2 O-O 6. O-O Nbd7 7. e5 dxe5 8.
dxe5 Ng4 9. e6 Nde5 10. Nxe5 Nxe5 11. exf7+ Nxf7 12. Be3 c6 13. Bc4 Qc7 14. Ne4
Kh8 15. Bxf7 Rxf7 16. Bd4 Bf5 17. Ng5 Rff8 18. Bxg7+ Kxg7 19. Qd4+ e5 20. Qc3
Kg8 21. Rae1 Rae8 22. Re3 Qd8 23. Qb3+ Kg7 24. Nf3 e4 25. Qxb7+ Re7 26. Qb4 Rd7
27. Qc3+ Kg8 28. Ne5 Rd6 29. Nxc6 Qc7 30. Nd4 Qxc3 31. bxc3 Ra6 32. h3 Rxa2 33.
g4 Bd7 34. Rxe4 Ra3 35. Re7 Rf7 36. Re3 a5 37. Rb1 a4 38. c4 Ra2 39. c5 Rf6 40.
Re7 Bc6 41. Nxc6 Rxc6 42. Rb8+ 1-0

[Event "Frankfurt Ch 2008"]
[Site "Ffm-Kalbach, LAZ"]
[Date "2008.04.28"]
[Round "1.4"]
[White "Matthis, Peter"]
[Black "Voropaev, Gleb"]
[Result "0-1"]
[WhiteElo "1775"]
[BlackElo "2287"]
[PlyCount "52"]
[EventDate "2008.??.??"]

1. e4 Nc6 2. Nf3 d6 3. Bb5 Nf6 4. Nc3 g6 5. O-O Bg7 6. Re1 O-O 7. d3 Bg4 8. Be3
Ne5 9. d4 Nxf3+ 10. gxf3 Bh3 11. Ne2 c6 12. Nf4 Bd7 13. Ba4 Qc7 14. c3 Rad8 15.
Bb3 e5 16. Ne2 Nh5 17. Qd2 c5 18. Ng3 Nf4 19. Bxf4 exf4 20. Qxf4 cxd4 21. Qg5
dxc3 22. Rac1 Qc5 23. Qe7 Qe5 24. Bxf7+ Kh8 25. Qh4 Bf6 26. f4 Qe7 0-1

[Event "Frankfurt Ch 2008"]
[Site "Ffm-Kalbach, LAZ"]
[Date "2008.04.28"]
[Round "1.5"]
[White "Schramm, Christian"]
[Black "Benikhis, Avram"]
[Result "1-0"]
[WhiteElo "2331"]
[BlackElo "1774"]
[PlyCount "41"]
[EventDate "2008.??.??"]

1. e4 e5 2. Nf3 Nf6 3. Bc4 Nxe4 4. Nc3 Nd6 5. Bb3 Be7 6. Nxe5 O-O 7. d4 c6 8.
Qh5 Bf6 9. Bf4 Qe7 10. O-O-O Bxe5 11. dxe5 Ne8 12. Rhe1 Na6 13. Kb1 Nac7 14.
Bg5 Qc5 15. Ne4 Qxe5 16. Nd6 Qxd6 17. Rxd6 Nxd6 18. Be7 Re8 19. Re3 g6 20. Rh3
gxh5 21. Rg3+ 1-0

[Event "Frankfurt Ch 2008"]
[Site "Ffm-Kalbach, LAZ"]
[Date "2008.04.28"]
[Round "1.6"]
[White "Kuhn, Luis"]
[Black "Isserman, Ryhor"]
[Result "0-1"]
[WhiteElo "1759"]
[BlackElo "2273"]
[PlyCount "58"]
[EventDate "2008.??.??"]

1. e4 c5 2. Nf3 Nc6 3. d4 cxd4 4. Nxd4 Nf6 5. Nc3 d6 6. Be2 e5 7. Ndb5 a6 8.
Na3 b5 9. Nd5 Nxd5 10. Qxd5 Qc7 11. c3 Be6 12. Qd3 Rd8 13. Bg5 Be7 14. Bxe7
Nxe7 15. Nc2 O-O 16. Nb4 a5 17. Nd5 Bxd5 18. exd5 f5 19. f3 Ng6 20. g3 e4 21.
fxe4 Ne5 22. Qe3 fxe4 23. Bxb5 Rf3 24. Qxe4 Qb6 25. Be2 Re3 26. Qc2 Nd3+ 27.
Kd2 Nf2 28. Rhf1 Re5 29. Rae1 Qe3# 0-1

[Event "Frankfurt Ch 2008"]
[Site "Ffm-Kalbach, LAZ"]
[Date "2008.04.28"]
[Round "1.7"]
[White "Schlamp, Robert"]
[Black "Gauf, Wolfgang"]
[Result "1-0"]
[WhiteElo "2333"]
[BlackElo "1758"]
[PlyCount "83"]
[EventDate "2008.??.??"]

1. e4 c5 2. c3 Nf6 3. e5 Nd5 4. d4 cxd4 5. Bc4 Qc7 6. Qe2 Nb6 7. Bb3 d3 8. Qxd3
Qxe5+ 9. Be3 d6 10. Nf3 Qf5 11. Qe2 Nc6 12. O-O e6 13. Na3 Be7 14. Nb5 O-O 15.
Rad1 d5 16. Nxa7 Rxa7 17. Bxb6 Ra6 18. Be3 Rd8 19. Kh1 Bf6 20. Rg1 g5 21. Bc2
Qg4 22. Qd3 Qh5 23. g4 Qh6 24. Qd2 Qg7 25. Nxg5 Bxg5 26. Bxg5 f6 27. Bh6 Qf7
28. f4 Ne7 29. f5 e5 30. Rdf1 Kh8 31. Bb3 Bd7 32. Rg3 Bc6 33. Kg1 Ba4 34. g5
Rg8 35. gxf6 Rxg3+ 36. hxg3 Qxf6 37. Bg5 Qb6+ 38. Kh2 Bxb3 39. axb3 Ng8 40. f6
Qd6 41. f7 Qf8 42. Qxd5 1-0

[Event "Frankfurt Ch 2008"]
[Site "Ffm-Kalbach, LAZ"]
[Date "2008.04.28"]
[Round "1.8"]
[White "Plattner, Rolf"]
[Black "Uwira, Oliver"]
[Result "0-1"]
[WhiteElo "1922"]
[BlackElo "2305"]
[PlyCount "84"]
[EventDate "2008.??.??"]

1. d4 d5 2. Nf3 Nc6 3. Bf4 Bg4 4. Nbd2 e6 5. c3 Bd6 6. Bxd6 cxd6 7. e4 dxe4 8.
Nxe4 Nf6 9. Nxf6+ Qxf6 10. Be2 O-O 11. O-O d5 12. Qd2 Rfc8 13. Rfe1 Bxf3 14.
Bxf3 b5 15. Red1 a5 16. Rac1 Rab8 17. b3 a4 18. c4 dxc4 19. bxc4 b4 20. Rb1 Qe7
21. Qc2 Qa7 22. Bxc6 Rxc6 23. d5 exd5 24. Rxd5 g6 25. Qd3 Kg7 26. Rd7 Qc5 27.
Qd4+ Qxd4 28. Rxd4 b3 29. axb3 Rxb3 30. Ra1 Rc3 31. Kf1 R6xc4 32. Rd2 Rc1+ 33.
Rxc1 Rxc1+ 34. Ke2 Rc7 35. Ra2 Ra7 36. Ke3 Kf6 37. Kd4 Kf5 38. Ra3 h5 39. g3
Kg4 40. h4 Kh3 41. Kc5 Kg2 42. Ra2 Ra5+ 0-1

[Event "Frankfurt Ch 2008"]
[Site "Ffm-Kalbach, LAZ"]
[Date "2008.04.28"]
[Round "1.9"]
[White "Stelzer, Harald"]
[Black "Mahnke, Ralf"]
[Result "1-0"]
[WhiteElo "2228"]
[BlackElo "1751"]
[PlyCount "73"]
[EventDate "2008.??.??"]

1. e4 e5 2. d4 exd4 3. Nf3 Nc6 4. c3 d6 5. cxd4 Nf6 6. Nc3 Be7 7. h3 O-O 8. Bd3
a6 9. O-O b5 10. Bf4 Bb7 11. d5 Nb8 12. a4 b4 13. Qb3 c5 14. dxc6 Nxc6 15. Nd5
Nxd5 16. exd5 Ne5 17. Be2 a5 18. Nd4 Bf6 19. Rfd1 Ng6 20. Be3 Ne7 21. Nb5 Ng6
22. Rac1 Rc8 23. Rb1 Be5 24. Na7 Ra8 25. Rbc1 Bf4 26. Nc6 Qe8 27. Bxf4 Nxf4 28.
Bf3 Ne2+ 29. Bxe2 Qxe2 30. Re1 Qa6 31. Qg3 Bxc6 32. dxc6 Rac8 33. Qxd6 Rfd8 34.
Qe7 Qa8 35. c7 Rd2 36. Rcd1 Rxd1 37. Rxd1 1-0

[Event "Frankfurt Ch 2008"]
[Site "Ffm-Kalbach, LAZ"]
[Date "2008.04.28"]
[Round "1.11"]
[White "Kayser, Felix"]
[Black "Arnold, Michael"]
[Result "1-0"]
[WhiteElo "2206"]
[BlackElo "1733"]
[PlyCount "102"]
[EventDate "2008.??.??"]

1. d4 d5 2. Nf3 Nf6 3. e3 Bf5 4. Bd3 Ne4 5. Nbd2 Nd7 6. Nh4 e6 7. Nxf5 exf5 8.
O-O Bd6 9. c4 c6 10. cxd5 cxd5 11. f4 O-O 12. Nf3 Ndf6 13. Ne5 Qa5 14. Nf3 Rfe8
15. Re1 Bb4 16. Re2 Re7 17. a3 Bd6 18. Bd2 Qb6 19. Be1 Rae8 20. Bh4 Re6 21. Qa4
g6 22. Ne5 a6 23. Rc1 Kg7 24. Rec2 Bxe5 25. fxe5 Ng4 26. Re1 Rc6 27. h3 Nh6 28.
Rec1 Ree6 29. Bxe4 fxe4 30. g4 Ng8 31. Rxc6 Rxc6 32. Rxc6 bxc6 33. Qc2 h6 34.
Be1 Qb7 35. Bb4 Qc8 36. Qf2 h5 37. gxh5 Qxh3 38. hxg6 Qg4+ 39. Kf1 Kxg6 40. Bc5
Nh6 41. Qf6+ Kh5 42. Be7 Qd1+ 43. Kg2 Qe2+ 44. Kh1 Qf3+ 45. Qxf3+ exf3 46. Kg1
Nf5 47. Bd6 Nxe3 48. Kf2 Nd1+ 49. Kxf3 Nxb2 50. Kf4 Kg6 51. Bc5 Nd3+ 1-0

[Event "Frankfurt Ch 2008"]
[Site "Ffm-Kalbach, LAZ"]
[Date "2008.04.28"]
[Round "1.12"]
[White "Bauer, Timo"]
[Black "Schlapp, Thomas"]
[Result "0-1"]
[WhiteElo "1730"]
[BlackElo "2257"]
[PlyCount "104"]
[EventDate "2008.??.??"]

1. d4 Nf6 2. Nf3 e6 3. Bg5 c5 4. e4 h6 5. Bxf6 Qxf6 6. e5 Qd8 7. d5 Qb6 8. Bc4
Qb4+ 9. Nbd2 b5 10. a3 Qa5 11. Ba2 Bb7 12. c4 exd5 13. cxd5 Na6 14. O-O c4 15.
Ne4 Nc5 16. Nxc5 Bxc5 17. b4 cxb3 18. Qxb3 Qxa3 19. Qc2 Bb6 20. d6 Qb4 21. Rac1
O-O 22. Bb1 g6 23. Ba2 Kh7 24. Rb1 Qg4 25. h3 Qf4 26. Rb3 Rac8 27. Qb2 a6 28.
Rb4 Qf5 29. Nh4 Qc2 30. Qa1 Qc3 31. Qb1 Qc2 32. Qa1 Rc3 33. Bb1 Qd2 34. Rg4 h5
35. Re4 Bxe4 36. Bxe4 Bd4 37. Qxa6 Qf4 38. Nf3 Rxf3 39. Bxf3 Bxe5 40. Rd1 Qh2+
41. Kf1 Re8 42. g3 Qxh3+ 43. Bg2 Qg4 44. Re1 Qc4+ 45. Kg1 Re6 46. Re4 Rxd6 47.
Qxd6 Bxd6 48. Rxc4 bxc4 49. Kf1 f5 50. Ke2 f4 51. gxf4 Bxf4 52. Kf3 c3 0-1

[Event "Frankfurt Ch 2008"]
[Site "Ffm-Kalbach, LAZ"]
[Date "2008.04.28"]
[Round "1.13"]
[White "Reschke, Thomas"]
[Black "Kannenberg, Carl-Friedrich"]
[Result "1-0"]
[WhiteElo "2226"]
[BlackElo "1959"]
[PlyCount "86"]
[EventDate "2008.??.??"]

1. c4 c5 2. g3 Nc6 3. Bg2 Nf6 4. Nc3 g6 5. e4 Bg7 6. Nge2 O-O 7. a3 d6 8. Rb1
Rb8 9. b4 Bd7 10. O-O Ne5 11. d3 b5 12. f4 Neg4 13. cxb5 cxb4 14. Rxb4 Qb6+ 15.
d4 a6 16. h3 Nh6 17. e5 dxe5 18. fxe5 Nh5 19. g4 Nxg4 20. hxg4 Bxg4 21. Qe1
axb5 22. Rxb5 Qa7 23. Rxb8 Rxb8 24. Qf2 f5 25. Re1 e6 26. a4 Bf8 27. Be3 Qa5
28. Rc1 Rb2 29. Bf3 Bxf3 30. Qxf3 Bb4 31. Nd1 Rb3 32. Rc8+ Kf7 33. Nec3 Bxc3
34. Nxc3 Qa6 35. Rc6 Qb7 36. d5 Ke8 37. Nb5 Rb1+ 38. Kg2 Rb2+ 39. Kh3 Rxb5 40.
axb5 Qxb5 41. Rxe6+ Kf7 42. Rb6 Qd3 43. e6+ Kf6 1-0

[Event "Frankfurt Ch 2008"]
[Site "Ffm-Kalbach, LAZ"]
[Date "2008.04.28"]
[Round "1.14"]
[White "Schirmer, Karl-Heinz"]
[Black "Zuyev, Igor"]
[Result "0-1"]
[WhiteElo "1716"]
[BlackElo "2265"]
[PlyCount "72"]
[EventDate "2008.??.??"]

1. d4 d5 2. c4 Nc6 3. Nf3 Bg4 4. e3 e6 5. Nc3 Nf6 6. cxd5 exd5 7. Be2 Bd6 8.
O-O O-O 9. Nd2 Bxe2 10. Qxe2 a6 11. a3 Qd7 12. b4 Rfe8 13. Qf3 Ne7 14. e4 Nc6
15. Qd3 dxe4 16. Ndxe4 Nxe4 17. Nxe4 Nxd4 18. Nxd6 Qxd6 19. Kh1 Nc6 20. Qf3 Qe6
21. Be3 Rad8 22. Rab1 Rd3 23. a4 Rd5 24. b5 Ne5 25. Qg3 axb5 26. Rxb5 Rxb5 27.
axb5 Qc4 28. Rc1 Qxb5 29. h4 Qd5 30. Rxc7 Qd1+ 31. Kh2 Ng4+ 32. Kh3 h5 33. Rc1
Qd7 34. Rc7 Qe6 35. Bf4 Ne3+ 36. Kh2 Nf1+ 0-1

[Event "Frankfurt Ch 2008"]
[Site "Ffm-Kalbach, LAZ"]
[Date "2008.04.28"]
[Round "1.16"]
[White "Barisch, Florian"]
[Black "Schwenkreis, Thomas"]
[Result "0-1"]
[WhiteElo "1713"]
[BlackElo "2052"]
[PlyCount "72"]
[EventDate "2008.??.??"]

1. d4 Nf6 2. e3 b6 3. f4 Bb7 4. Nf3 e6 5. Bd3 c5 6. O-O Nc6 7. c3 Qc7 8. Bd2
Be7 9. Ng5 Na5 10. Qc2 h6 11. Ne4 Nxe4 12. Bxe4 f5 13. Bd3 Rc8 14. Qd1 O-O 15.
Be1 cxd4 16. exd4 Nc4 17. Qe2 Bd6 18. Bg3 Qc6 19. Rf2 Bb8 20. Bh4 Rf7 21. Bg3
g6 22. b3 Nd6 23. c4 Ne4 24. Rf1 Qd6 25. Qe3 Nf6 26. h3 Nh5 27. Bh2 g5 28. Qe2
Qxd4+ 29. Kh1 Nxf4 30. Bxf4 gxf4 31. Na3 Rg7 32. Rg1 Rg3 33. Qh5 Qxd3 34. Kh2
f3 35. Rad1 Rg5+ 36. Kh1 fxg2+ 0-1

[Event "Frankfurt Ch 2008"]
[Site "Ffm-Kalbach, LAZ"]
[Date "2008.04.28"]
[Round "1.17"]
[White "Diekmann, Hans-Joachim"]
[Black "Haftmann, Rainer"]
[Result "1-0"]
[WhiteElo "2199"]
[BlackElo "1859"]
[PlyCount "91"]
[EventDate "2008.??.??"]

1. e4 e5 2. Nf3 Nc6 3. Bb5 a6 4. Ba4 Nf6 5. d3 b5 6. Bb3 Be7 7. O-O O-O 8. c3
d5 9. Qe2 Bg4 10. Bg5 dxe4 11. dxe4 Na5 12. Bc2 c5 13. Nbd2 Qc7 14. h3 Bh5 15.
Bh4 Rad8 16. Rfd1 Nc6 17. Nf1 Rxd1 18. Rxd1 Rd8 19. Ne3 Bg6 20. Bxf6 Rxd1+ 21.
Qxd1 Bxf6 22. Nd5 Qd8 23. Qe2 Ne7 24. Nxf6+ gxf6 25. Ne1 Nc6 26. g4 h6 27. Qe3
Kg7 28. Qxc5 Qd7 29. Qe3 b4 30. Nd3 bxc3 31. bxc3 Nd8 32. Nb4 a5 33. Nd5 Ne6
34. Qb6 a4 35. Qa6 Qd8 36. Qc4 h5 37. Qe2 hxg4 38. Qxg4 a3 39. h4 f5 40. exf5
Qxd5 41. Bb3 Qd3 42. Bxe6 Qb1+ 43. Kg2 Qb7+ 44. Kg3 fxe6 45. Qxg6+ Kf8 46. Qf6+
1-0

[Event "Frankfurt Ch 2008"]
[Site "Ffm-Kalbach, LAZ"]
[Date "2008.04.28"]
[Round "1.18"]
[White "Nagel, Norbert"]
[Black "Kreiling, Carsten"]
[Result "1/2-1/2"]
[WhiteElo "1708"]
[BlackElo "2126"]
[PlyCount "45"]
[EventDate "2008.??.??"]

1. g3 Nf6 2. c4 e6 3. Bg2 d5 4. cxd5 exd5 5. Nf3 Bd6 6. b3 O-O 7. O-O Re8 8.
Bb2 Bf5 9. Nc3 c6 10. Re1 h6 11. d3 Bc7 12. Rc1 Nbd7 13. Rc2 Ne5 14. Nd2 Qd7
15. Nf1 Rad8 16. Qa1 Qe7 17. Rec1 Bb8 18. Na4 Ned7 19. Ne3 Bg6 20. Bd4 Be5 21.
Bf3 a6 22. Qc3 Qd6 23. b4 1/2-1/2

[Event "Frankfurt Ch 2008"]
[Site "Ffm-Kalbach, LAZ"]
[Date "2008.04.28"]
[Round "1.19"]
[White "Orwatsch, Gerhard"]
[Black "Liebske, Reiner"]
[Result "1-0"]
[WhiteElo "2088"]
[BlackElo "1702"]
[PlyCount "49"]
[EventDate "2008.??.??"]

1. d4 Nf6 2. Nf3 e6 3. Bf4 d5 4. e3 Nbd7 5. Nbd2 b6 6. Bb5 Bb7 7. Ne5 a6 8. Be2
Bd6 9. O-O O-O 10. a4 Qe7 11. Bg3 c5 12. f4 Ne4 13. Nxe4 dxe4 14. Nxd7 Qxd7 15.
dxc5 bxc5 16. f5 Rfd8 17. Bxd6 Qxd6 18. Qxd6 Rxd6 19. fxe6 f6 20. Rad1 Rb6 21.
b3 Kf8 22. Rd7 Re8 23. Bc4 Bc8 24. Rc7 Rd6 25. e7+ 1-0

[Event "Frankfurt Ch 2008"]
[Site "Ffm-Kalbach, LAZ"]
[Date "2008.04.28"]
[Round "1.20"]
[White "Cammarata, Mattia"]
[Black "Svitek, Volker"]
[Result "0-1"]
[WhiteElo "1691"]
[BlackElo "2104"]
[PlyCount "68"]
[EventDate "2008.??.??"]

1. d4 d5 2. c4 c6 3. Nc3 Nf6 4. Bf4 dxc4 5. e4 b5 6. Nf3 e6 7. a3 Be7 8. b3
cxb3 9. Qxb3 O-O 10. Bd3 Bb7 11. O-O a6 12. Rfd1 Nbd7 13. Rac1 c5 14. Qb1 h6
15. dxc5 Bxc5 16. Nxb5 axb5 17. Bxb5 Bxe4 18. Bd3 Bxd3 19. Rxd3 Nd5 20. Ne5
Nxe5 21. Bxe5 Bd6 22. Bb2 Qe7 23. Re1 Qg5 24. g3 Rfb8 25. Qc2 Qf5 26. Bc1 Bxa3
27. Qe2 Bxc1 28. Rxc1 Ra2 29. Qf3 Qxf3 30. Rxf3 Rab2 31. Kg2 R2b3 32. Rc8+ Rxc8
33. Rxb3 g5 34. Rf3 Rc3 0-1

[Event "Frankfurt Ch 2008"]
[Site "Ffm-Kalbach, LAZ"]
[Date "2008.04.28"]
[Round "1.21"]
[White "Weiss, Matthias"]
[Black "Rausch, Wolfgang"]
[Result "1-0"]
[WhiteElo "2046"]
[BlackElo "1673"]
[PlyCount "127"]
[EventDate "2008.??.??"]

1. e4 Nf6 2. e5 Nd5 3. d4 d6 4. Nf3 Bg4 5. Be2 e6 6. O-O Be7 7. c4 Nb6 8. Nc3
dxe5 9. dxe5 O-O 10. Qxd8 Rxd8 11. Nb5 Na6 12. Be3 c6 13. Nc3 h6 14. Rad1 Bc5
15. Bxc5 Nxc5 16. Rd6 Kf8 17. Rfd1 Ke7 18. R1d4 Bxf3 19. gxf3 g5 20. f4 gxf4
21. Rxf4 Rg8+ 22. Kf1 f5 23. Rh4 Rg6 24. Bh5 Rg7 25. Bf3 Rh8 26. Bxc6 bxc6 27.
Rxc6 Ncd7 28. Rc7 Rc8 29. Rxa7 Nxc4 30. Rd4 Ncxe5 31. f4 Rc4 32. Raxd7+ Nxd7
33. Rxc4 Rg4 34. b3 Nf6 35. Kf2 Nh5 36. Ne2 Kd6 37. h3 Rg8 38. Ra4 Rc8 39. Ke3
Rc2 40. Rd4+ Kc5 41. Rd2 Rxd2 42. Kxd2 Nf6 43. Kd3 Nd5 44. a3 Nb6 45. Nc3 Nd7
46. b4+ Kd6 47. Kd4 e5+ 48. fxe5+ Nxe5 49. Nb5+ Ke6 50. Nc7+ Kd6 51. Ne8+ Ke6
52. Ng7+ Kf6 53. Nh5+ Ke6 54. Nf4+ Kd6 55. a4 Nc6+ 56. Kc4 Ke5 57. Nd3+ Ke4 58.
Nc5+ Ke3 59. b5 Ne5+ 60. Kd5 Ng6 61. b6 f4 62. b7 Ne7+ 63. Kd6 Nf5+ 64. Kd7 1-0

[Event "Frankfurt Ch 2008"]
[Site "Ffm-Kalbach, LAZ"]
[Date "2008.04.28"]
[Round "1.22"]
[White "Moranda, Katarzyna"]
[Black "Kabir, Razaul"]
[Result "0-1"]
[WhiteElo "1858"]
[BlackElo "2100"]
[PlyCount "66"]
[EventDate "2008.??.??"]

1. d4 Nf6 2. c4 e6 3. Nc3 Bb4 4. a3 Bxc3+ 5. bxc3 b6 6. Nf3 Bb7 7. e3 d6 8. Be2
Nbd7 9. O-O e5 10. Qc2 O-O 11. a4 a5 12. Rd1 e4 13. Nd2 Qe7 14. Nb3 h6 15. Ba3
Nh7 16. Bg4 f5 17. Be2 Qg5 18. c5 f4 19. exf4 Qxf4 20. Rf1 Qh4 21. cxd6 Ng5 22.
Nd2 Rf6 23. dxc7 Nh3+ 24. Kh1 Nxf2+ 25. Kg1 Re8 26. Qb3+ Kh8 27. c4 e3 28. c8=Q
Bxc8 29. Nf3 Qg4 30. Rxf2 exf2+ 31. Kxf2 Rxe2+ 32. Kxe2 Qxg2+ 33. Kd1 Rxf3 0-1

[Event "Frankfurt Ch 2008"]
[Site "Ffm-Kalbach, LAZ"]
[Date "2008.04.28"]
[Round "1.23"]
[White "Von Auer, Ulrich"]
[Black "Gottlieb, Herbert"]
[Result "1-0"]
[WhiteElo "2101"]
[BlackElo "1658"]
[PlyCount "33"]
[EventDate "2008.??.??"]

1. Nf3 d5 2. c4 d4 3. d3 Nc6 4. g3 Nf6 5. Bg2 e5 6. O-O Bc5 7. Bg5 h6 8. Bxf6
Qxf6 9. a3 a5 10. Nbd2 Bf5 11. Nh4 Bh7 12. f4 O-O 13. f5 Rab8 14. Ne4 Qe7 15.
f6 gxf6 16. Nxf6+ Kh8 17. Qd2 1-0

[Event "Frankfurt Ch 2008"]
[Site "Ffm-Kalbach, LAZ"]
[Date "2008.04.28"]
[Round "1.24"]
[White "Lietzau, Olaf"]
[Black "Mustafa, Wail"]
[Result "1-0"]
[WhiteElo "1652"]
[BlackElo "2104"]
[PlyCount "70"]
[EventDate "2008.??.??"]

1. Nf3 d5 2. c4 c6 3. b3 Nf6 4. Bb2 dxc4 5. bxc4 Nbd7 6. g3 Nc5 7. Bg2 Bg4 8.
h3 Bh5 9. O-O e6 10. d3 Be7 11. Nbd2 O-O 12. Rb1 Rb8 13. Qc2 Nfd7 14. Rbd1 Bf6
15. d4 Bg6 16. e4 Na6 17. a3 Qa5 18. Qc1 c5 19. e5 Be7 20. d5 b5 21. d6 Bd8 22.
Rfe1 b4 23. Ne4 bxa3 24. Bxa3 Rb3 25. Bb2 Qb4 26. Bc3 Qa3 27. Qxa3 Rxa3 28. Ra1
Rxa1 29. Bxa1 Ba5 30. Bc3 Bb4 31. Nfd2 Bxe4 32. Nxe4 Nxe5 33. Ra1 Bxc3 34. Nxc3
Nb8 35. Ne4 Nxc4 {ZÜ} 1-0

[Event "Frankfurt Ch 2008"]
[Site "Ffm-Kalbach, LAZ"]
[Date "2008.04.28"]
[Round "1.25"]
[White "Klyszcz, Michael"]
[Black "Bittner, Peter"]
[Result "0-1"]
[WhiteElo "2038"]
[BlackElo "1966"]
[PlyCount "52"]
[EventDate "2008.??.??"]

1. Nf3 c5 2. g3 Nf6 3. Bg2 g6 4. O-O Nc6 5. d3 d5 6. Nbd2 Bg7 7. c4 e6 8. Qc2
Nd4 9. Nxd4 cxd4 10. Nf3 dxc4 11. dxc4 Nd7 12. Rd1 e5 13. e3 dxe3 14. Bxe3 Qc7
15. Rd5 O-O 16. Re1 b6 17. Qd2 Re8 18. Nxe5 Nxe5 19. Rxe5 Qxe5 20. Bxa8 Qxb2
21. Qd6 Qc3 22. Qd1 Bg4 23. f3 Rxe3 24. Qd8+ Bf8 25. Rf1 Bh3 26. Rd1 Re1+ 0-1

[Event "Frankfurt Ch 2008"]
[Site "Ffm-Kalbach, LAZ"]
[Date "2008.04.28"]
[Round "1.26"]
[White "Schwabe, Michael"]
[Black "Syed, Tareq"]
[Result "1/2-1/2"]
[WhiteElo "1647"]
[BlackElo "2124"]
[PlyCount "67"]
[EventDate "2008.??.??"]

1. Nf3 g6 2. c4 d6 3. g3 Nh6 4. Bg2 c6 5. O-O f5 6. d4 Nf7 7. Nc3 Bg7 8. e4 e6
9. exf5 gxf5 10. Re1 O-O 11. Bf4 Qa5 12. a3 e5 13. Be3 Nd7 14. b4 Qc7 15. Rc1
Nf6 16. d5 f4 17. gxf4 Bg4 18. Qd2 Nh5 19. Ng5 Nxg5 20. fxg5 Nf4 21. Bxf4 Rxf4
22. Ne2 Bxe2 23. Rxe2 c5 24. Re4 Raf8 25. Rxf4 Rxf4 26. b5 Qd8 27. Qe3 Qxg5 28.
Qh3 Qg4 29. Qxg4 Rxg4 30. f3 Rd4 31. Bf1 Rd2 32. Bh3 Ra2 33. b6 axb6 34. Rb1
1/2-1/2

[Event "Frankfurt Ch 2008"]
[Site "Ffm-Kalbach, LAZ"]
[Date "2008.04.28"]
[Round "1.27"]
[White "Marzahn, Heiko"]
[Black "Bender, Manfred"]
[Result "1-0"]
[WhiteElo "1938"]
[BlackElo "1821"]
[PlyCount "41"]
[EventDate "2008.??.??"]

1. e4 e5 2. Nf3 Nc6 3. Nc3 Nf6 4. Bb5 d6 5. d4 Bd7 6. O-O Be7 7. Re1 exd4 8.
Nxd4 Nxd4 9. Qxd4 c6 10. Bf1 O-O 11. Bf4 Be6 12. Rad1 d5 13. exd5 Bxd5 14. Nxd5
Nxd5 15. Be5 Bf6 16. c4 Nb4 17. Qe3 Qa5 18. Bxf6 gxf6 19. Qc3 Qa4 20. Qxf6 Qxa2
21. Re4 1-0

[Event "Frankfurt Ch 2008"]
[Site "Ffm-Kalbach, LAZ"]
[Date "2008.04.28"]
[Round "1.28"]
[White "Jung, Bernd"]
[Black "Hoti, Safet"]
[Result "0-1"]
[WhiteElo "1899"]
[BlackElo "1978"]
[PlyCount "110"]
[EventDate "2008.??.??"]

1. e4 c5 2. Nf3 Nc6 3. Bb5 Nd4 4. a4 g6 5. c3 Nxb5 6. axb5 Bg7 7. O-O d6 8. d4
cxd4 9. Nxd4 Nf6 10. Re1 O-O 11. Bg5 Ng4 12. Nd2 Ne5 13. N2f3 Bg4 14. h3 Bxf3
15. Nxf3 Re8 16. Nxe5 Bxe5 17. Be3 Qd7 18. Qb3 a6 19. bxa6 bxa6 20. Ra4 Reb8
21. Qa2 Qb7 22. Rb4 Qc6 23. Rxb8+ Rxb8 24. Bg5 e6 25. Kh1 Rb5 26. Re2 Qb6 27.
Be3 Qb7 28. Bd4 Bf4 29. b4 a5 30. g3 e5 31. gxf4 exd4 32. cxd4 axb4 33. d5 b3
34. Qb2 Ra5 35. Qf6 Qa6 36. e5 Qc8 37. Kg2 Rxd5 38. e6 fxe6 39. Rxe6 Rf5 40.
Qe7 b2 41. Re1 Qc6+ 42. Kg3 Rf7 43. Qd8+ Kg7 44. Qa5 Qc1 45. Qb4 b1=Q 46. Qxb1
Qxf4+ 47. Kg2 Qxf2+ 48. Kh1 d5 49. Qa1+ d4 50. Rd1 Rd7 51. Rf1 Qe3 52. Kh2 Rc7
53. Qd1 d3 54. Rf3 Rc2+ 55. Kg3 Qg5# 0-1

[Event "Frankfurt Ch 2008"]
[Site "Ffm-Kalbach, LAZ"]
[Date "2008.04.28"]
[Round "1.29"]
[White "Noblé, Alexander"]
[Black "Ebertz, Michael"]
[Result "1-0"]
[WhiteElo "2077"]
[BlackElo "1622"]
[PlyCount "81"]
[EventDate "2008.??.??"]

1. e4 c5 2. d4 cxd4 3. c3 Nf6 4. e5 Nd5 5. Qxd4 e6 6. Nf3 Nc6 7. Qe4 d6 8. Nbd2
dxe5 9. Nxe5 Nxe5 10. Qxe5 Qd6 11. Bb5+ Bd7 12. Bxd7+ Qxd7 13. Ne4 f6 14. Qh5+
Qf7 15. Qe2 a6 16. O-O Be7 17. c4 Nb4 18. Be3 O-O 19. a3 Nc6 20. f4 e5 21. fxe5
Nxe5 22. Rac1 Rac8 23. c5 Rfd8 24. b4 Qg6 25. Bf4 Nd3 26. Rc3 Nxf4 27. Rxf4 b6
28. Rg3 Qh6 29. Qc4+ Kh8 30. Rf1 f5 31. Rxf5 Rd1+ 32. Rf1 Rxf1+ 33. Qxf1 bxc5
34. bxc5 Rf8 35. Qc4 Qh5 36. Qc2 Qe5 37. Rf3 Rxf3 38. gxf3 Qa1+ 39. Kg2 Qxa3
40. c6 Bd6 41. Nxd6 1-0

[Event "Frankfurt Ch 2008"]
[Site "Ffm-Kalbach, LAZ"]
[Date "2008.04.28"]
[Round "1.30"]
[White "Winter, Olaf"]
[Black "Kolker, Vladislav"]
[Result "1-0"]
[WhiteElo "1616"]
[BlackElo "2091"]
[PlyCount "37"]
[EventDate "2008.??.??"]

1. c4 Nf6 2. Nc3 g6 3. g3 Bg7 4. Bg2 O-O 5. d4 d6 6. e4 Nc6 7. Nge2 e5 8. d5
Ne7 9. O-O Nh5 10. Be3 f5 11. f4 Kh8 12. Qd2 Ng8 13. Rab1 Ngf6 14. h3 exf4 15.
Bxf4 Nxf4 16. Nxf4 Nxe4 17. Nxe4 fxe4 18. Bxe4 Be5 19. Nxg6+ 1-0

[Event "Frankfurt Ch 2008"]
[Site "Ffm-Kalbach, LAZ"]
[Date "2008.04.28"]
[Round "1.31"]
[White "Czech, Ludwig"]
[Black "Smith-Meyer, Geir"]
[Result "1-0"]
[WhiteElo "2075"]
[BlackElo "1610"]
[PlyCount "91"]
[EventDate "2008.??.??"]

1. c4 Nf6 2. g3 c5 3. Bg2 g6 4. Nc3 Bg7 5. Nf3 Nc6 6. O-O O-O 7. d4 cxd4 8.
Nxd4 Qb6 9. Nb3 d6 10. Be3 Qd8 11. h3 a6 12. Rc1 Be6 13. Nd5 Bxd5 14. cxd5 Ne5
15. f4 Ned7 16. Kh2 Rc8 17. Qd2 Ne8 18. Na5 Nc5 19. b4 Na4 20. Nxb7 Qd7 21. Na5
Bc3 22. Qd1 Qb5 23. Nc6 Rc7 24. Qb3 Bf6 25. Rc2 Ng7 26. Na7 Rxc2 27. Nxb5 Rb2
28. Qxa4 Nf5 29. Bg1 axb5 30. Qxb5 Rc8 31. Be4 Rxa2 32. Bd3 Rc3 33. g4 Nd4 34.
Bxd4 Bxd4 35. Kg2 Rd2 36. Kf3 Ra2 37. Ke4 Ba7 38. Kf3 Kf8 39. h4 Bd4 40. Ke4
Ba7 41. Kf3 Bd4 42. h5 Kg7 43. hxg6 fxg6 44. Qe8 Ra7 45. Rh1 Rxd3+ 46. exd3 1-0